| 000 | 00723nam a2200193 4500 | ||
|---|---|---|---|
| 001 | 112047 | ||
| 003 | ES-MaACL | ||
| 005 | 20250818153311.0 | ||
| 007 | t| | ||
| 008 | 061121s1948 sp r ||||1| spa d | ||
| 100 | 1 |
_aNavarro Gutiérrez, Rafael. _985135 |
|
| 245 | 1 | 0 |
_aPatología general y anatomía patológica de la tuberculosis pulmonar / _cpor los Dres. Rafael Navarro Gutiérrez, Fernando Paz Espeso , José lvarez-Sala Moris. |
| 260 |
_aBarcelona [etc.] : _bCientífico Médica, _c1948. |
||
| 300 |
_aXII, 773 p. : _bil ; _c25 cm. |
||
| 700 | 1 |
_aPaz Espeso, Fernando. _989768 |
|
| 700 | 1 |
_aÁlvarez-Sala Moris, José Luis, _d1912-2003 _920958 |
|
| 852 |
_aES-MaACL _jC-5469 _bR.25722 |
||
| 999 |
_c112047 _d112047 |
||